000 00602nam a2200241 a 4500
001 nice12345678
003 IN_TiNIC
005 20260116015110.0
008 050524s1977 caia grp 000 0 eng
020 _a
_c350
082 0 0 _a276.2
_bMEI
100 _aMeinardus, Otto F A
245 _aChristian Egypt
_b Ancient and Modern
260 _aCairo
_bAmerican University
_c1977
300 _a708p
500 _aincludes index and biblioraphy
505 2 _aNotes, Index
650 _aChristianity-Egypt
700 1 _aMeinardus, Otto F A
902 _bSRS
942 _cBK
999 _c18314
_d18314